000
00334nam a22001457a 4500
008
221104b ||||| |||| 00| 0 eng d
020
_a
9780205899678
041
_a
eng
080
_2
TENTH EDITION
_a
610.73
082
_a
610.73 AND
100
_a
8
101
_a
INF
245
_a
THINKING ABOUT WOMEN
_c
ANDERSEN M
942
_2
udc
_c
BK
999
_c
58735
_d
58735